000 00910nam0a2200241 4500
001 RU\NLR\BIBL_A\011758613
005 20260607070354.0
035 _a(NLR Aleph) 011758613
090 _a13417978
_c13417978
100 _a20180726d1952 |||y0rusy50 ca
101 0 _achv
102 _aRU
105 _ay z 000 y
200 1 _aЫлтăн çăлтăр кавалерě
_eикě кěнекеллě роман
_fСемён Бабаевский
_gМария Ухсай куçарнă
210 _aШупашкар
_cЧăваш АССР Гос. изд-ви
_d1952
215 _a566,[2] с.
_d21
541 1 _aКавалер Золотой звезды
_eроман в 2-х кн.
686 1 _aШ6(2=Чув.)-91(Р)7-4
700 1 _aБабаевский
_bС. П.
_f1909-2000
_gСемен Петрович
_3RU\NLR\AUTH\7787541
_970469
852 _aNLR
_bОНЛ
_jЧув./3-974
942 _cBOOK
980 _aNB